Countries Starting With L in 90 Seconds - Statistics

General Stats
  • This quiz has been taken 114 times
  • The average score is 8 of 9
Answer Stats
country % Correct
Liechtenstein
93%
Latvia
92%
Laos
90%
Lithuania
90%
Libya
87%
Luxembourg
87%
Liberia
85%
Lebanon
84%
Lesotho
78%
No matching quizzes found
Score Distribution
Percent of People with Each Score
Percentile by Number Answered
Your Score History
You have not taken this quiz